Welcome to the Holygrace Academy Library

Please use search bar below to get started

MANTHRIKAM (MALAYALAM) (Record no. 9020)

MARC details
000 -LEADER
fixed length control field 00334nam a22001337a 4500
082 ## - DEWEY DECIMAL CLASSIFICATION NUMBER
Classification number 894.812
Item number BYR/M
100 ## - MAIN ENTRY--AUTHOR NAME
Personal name BYRE, RHONDA
245 ## - TITLE STATEMENT
Title MANTHRIKAM (MALAYALAM)
246 ## - VARYING FORM OF TITLE
Title proper/short title MANTHRIKAM (MALAYALAM)
Remainder of title MANTHRIKAM (MALAYALAM)
260 ## - PUBLICATION, DISTRIBUTION, ETC. (IMPRINT)
Place of publication NOIDA
Name of publisher MANJUL
Year of publication 2023
300 ## - PHYSICAL DESCRIPTION
Number of Pages 280
650 ## - SUBJECT ADDED ENTRY--TOPICAL TERM
Topical Term MALAYALAM PSYCOLOGICAL BOOK
942 ## - ADDED ENTRY ELEMENTS (KOHA)
Koha item type Books
Holdings
Withdrawn status Lost status Collection code Home library Current library Shelving location Date acquired Source of acquisition Cost, normal purchase price Full call number Accession Number Koha item type
    Non-fiction Main Library Main Library NEW SHELF WITH NEW ENTRY 16/11/2024 PURCHASED 499.00 894.812 BYR/M 13749 Books